000 00283nam a2200109Ia 4500
008 260210s9999 xx 000 0 und d
020 _a9780500514573
100 _aLaura Houseley
245 4 _aThe Independent Design Guide (Price Printed)
260 _bThames & Hudson
942 _cBDES
999 _c14109
_d14109